Quiz o Grodzisku Mazowieckim - Statystyki

Ogólne statystyki
  • Ten quiz został rozwiązany 12 razy
  • Średni wynik to 10 z 22
Statystyki odpowiedzi
Wskazówka Odpowiedź % Poprawnych
Tablice rejestracyjne WGM
91%
Nazwa miasta do 1928 roku Grodzisk
82%
Park przy głównej stacji kolejowej Park {im. Skarbków}
82%
Galeria otwarta 1 grudnia 2016 roku Galeria {Grodova}
73%
Stacja kolejowa w mieście, w której kończy się WKD Grodzisk Mazowiecki {Radońska}
73%
Miasto z którym bezpośrednio graniczy Milanówek
73%
Kod pocztowy 05-825
64%
Poza powyższą, jakie znajdują się stacje WKD w Grodzisku Mazowieckim? Grodzisk Mazowiecki {Jordanowice}
64%
Poza powyższą, jakie znajdują się stacje WKD w Grodzisku Mazowieckim? Grodzisk Mazowiecki {Piaskowa}
64%
Północno-zachodnia część miasta Łąki
64%
Poza powyższą, jakie znajdują się stacje WKD w Grodzisku Mazowieckim? Grodzisk Mazowiecki {Okrężna}
55%
Burmistrz miasta Tomasz Krupski
45%
Dwie strugi w Grodzisku Mazowieckim, dopływy Rokitnicy Mrowna
36%
Linia kolejowa dużych prędkości, rozpoczynająca się na grodziskiej stacji Centralna Magistrala Kolejowa
27%
Dwie strugi w Grodzisku Mazowieckim, dopływy Rokitnicy Rokicianka
27%
Równina na której leży miasto Równina (Łowicko-Błońska)
27%
Historycznie najważniejsza linia kolejowa w Polsce, przebiegająca przez Grodzisk Mazowiecki Wiedenka
27%
Zabytkowa willa z 1845 roku według projektu Teofila Shullera Willa {Foksal}
18%
Organizacja samorządów miejskich, założona w 1917, należy do niej Grodzisk Mazowiecki Związek Miast Polskich
9%
Rok nadania praw miejskich 1916
0%
Polski jezuita, autor słownika polsko-łacińskiego, urodzony w Grodzisku Mazowieckim Grzegorz Knapski
0%
Figura w kształcie stylizowanego ostrza, znajdująca się na herbie miasta Rogacina
0%
Nie znaleziono quizów pasujących do podanych kryteriów
Rozkład punktacji
Procent ludzi z każdym wynikiem
Percentyl według liczby udzielonych odpowiedzi
Twoja historia wyników
Nie rozwiązałeś tego quizu